01136cam a2200325 i 4500003000900000005001700009008004100026020001500067020001800082040003300100082001900133245009600152246002700248250002000275264005200295264001000347300005700357336002600414337002800440338002700468650002100495650003700516651001000553653002100563655001700584700002900601942001200630999001700642952015100659EG-ScBUE20260125092253.0000822t2000 nyua fr 000 0 eng d a0716736047 a9780716736042 aESUbengerdacESUdEG-ScBUE04a572.8222bWOR00aWorking with Molecular cell biology :ba study companion /cBrian Storrie [and four others]30aMolecular cell biology aFourth edition. 1aNew York : bW. H. Freeman and Company,c[2000] 4cc2000 a1 volume (various pagings) :billustrations ;c28 cm 2rdacontentatextbtxt aunmediated2rdamediabn avolumebnc2rdacarrier 7aCytology.2BUEsh 7aMolecular biology.2BUEsh938995 2BUEsh bPPhrmcMarch2016 vReading book1 aStorrie, Brian,eauthor. 2ddccBB c21461d21433 00102ddc40708Scien. H.aMAINbMAINc1STd2016-03-20ePurchaseg390.00h1l0o572.8 WORp000032115r2025-07-15 00:00:00v487.50w2016-03-20yBB